00576 2200193 4500001002100000005001500021035002000036007000300056008003900059082001700098084002300115100001300138245010500151260005300256300003900309650001100348600001000359022001300369INLIS00000000000116320250203092156 a0010-0225000001ta250203 | | |  a631.53-633.7 a631.53-633.7 ASR t0 aAsrul, L1 aThe Development Strategies of Cocoa Cultivation (Theobroma cacao L.) in Soppeng District /cAsrul, L aUnited Kingdom, Bristol :bIOP Publishing,c2021 a1-10 hlm, :bIlus ;c15 cm x 21 cm 4aJurnal 4aKakao a17551315